000 00319 a2200157 4500
001 157382
040 _cEscola São Tomás de Aquino
100 _aFERREIRA, Fábio
240 1 0 _aGodi
_lpor
245 1 0 _aGodi
300 _a66
362 0 _a2014
440 1 _aBaobá
697 _a*LITERATURA JUVENIL
942 _cBK
999 _c157382
_d157382